000 00472nam a22001697a 4500
003 SGT
020 _a9350066351
082 _a530,GUP
100 _aGUPTA,S.L
245 _aPRACTICAL PHYSICS
250 _a3RD
260 _aNEW DELHI
_bPRAGATI PRAKASHAN
_c2016
300 _a304
650 _aPRACTICAL PHYSICS, PHYSICS
653 _aMECHANICS, OCILLATIONS, PROPERTIES OF MATTER, KINETIC THEORY OF MATTER, THERMODYNAMICS, CIRCUIT FUNDAMENTALS, WAVES
942 _2ddc
_cFPS
999 _c9314
_d9314